青海省地图 Qinghai Map Quiz - Statistics

General Stats
  • This quiz has been taken 1 501 times
  • The average score is 7 of 8
Answers on the Map
Answers color-coded by a green-red scale on the quiz's map according to % correct below.
 
Answer Stats
区划 % Correct
西宁市
99%
海西蒙古族藏族自治州
94%
海东市
92%
海南藏族自治州
91%
海北藏族自治州
89%
玉树藏族自治州
84%
果洛藏族自治州
69%
黄南藏族自治州
61%
No matching quizzes found
Score Distribution
Percent of People with Each Score
Percentile by Number Answered
Your Score History
You have not taken this quiz